After the riot, can everyone win? (Record no. 73165)

MARC details
000 -LEADER
fixed length control field 01256cam a2200229 4500
001 - CONTROL NUMBER
control field ABS66937
008 - FIXED-LENGTH DATA ELEMENTS--GENERAL INFORMATION
fixed length control field 030805n2003 000 0 eng u
035 ## - SYSTEM CONTROL NUMBER
System control number (Sirsi) u123194
100 ## - MAIN ENTRY--PERSONAL NAME
Personal name Quinn, D.
245 ## - TITLE STATEMENT
Title After the riot, can everyone win?
260 ## - PUBLICATION, DISTRIBUTION, ETC.
Date of publication, distribution, etc. 2003
490 ## - SERIES STATEMENT
Series statement Estates Gazette
Volume/sequential designation (0331) 2 August 2003, 24-28(5)
520 ## - SUMMARY, ETC.
Summary, etc. Reports on a new regeneration initiative for Oldham following the race riots in 2001. Suggests that the distribution of single regeneration budget funds and ringfencing specific areas for regeneration may have heightened racial tensions and highlights council efforts to reorganise and unite communities. Presents the new vision for Oldham, led by urban regeneration specialist URBED and King Sturge and notes that the £300 000 Vision masterplan is due for publication in January 2004. Highlights the difficult economic factors that need to be addressed and outlines the 10 themes of URBED consortium's preliminary ideas for regenerating Oldham. Concludes with opinion from community leaders.
590 ## - LOCAL NOTE (RLIN)
Local note ABS
650 ## - SUBJECT ADDED ENTRY--TOPICAL TERM
Topical term or geographic name entry element URBAN REGENERATION
650 ## - SUBJECT ADDED ENTRY--TOPICAL TERM
Topical term or geographic name entry element RACIAL HARASSMENT
650 ## - SUBJECT ADDED ENTRY--TOPICAL TERM
Topical term or geographic name entry element MASTERPLANS
650 ## - SUBJECT ADDED ENTRY--TOPICAL TERM
Topical term or geographic name entry element REGENERATION SCHEMES
650 ## - SUBJECT ADDED ENTRY--TOPICAL TERM
Topical term or geographic name entry element OLDHAM
690 ## - LOCAL SUBJECT ADDED ENTRY--TOPICAL TERM (OCLC, RLIN)
Topical term or geographic name as entry element REGENERATION
942 ## - ADDED ENTRY ELEMENTS (KOHA)
Suppress in OPAC 0
Holdings
Withdrawn status Lost status Source of classification or shelving scheme Damaged status Not for loan Home library Current library Shelving location Date acquired Total Checkouts Full call number Barcode Date last seen Copy number Price effective from Koha item type
    Dewey Decimal Classification     London London Journal article 05/08/2003   ABS66937 123194-1001 06/08/2019 1 06/08/2019 Journal article